000 00700nmc a2200253 a 4500
003 AR-X00000XO
005 20251128212033.0
008 207020s2007 ||||||||||||||000 | spa||
020 _a84-207-3619-9
040 _cAR-X00000XO
100 1 _aDefoe, Daniel
245 1 0 _aRobinson Crusoe
250 _a1ª ed. 14 reimp.
260 _aBuenos Aires
_bAnaya
_c2007
300 0 _a334 p.
_bil.
490 0 _aTus libros
500 0 _aLibros distribuidos por el MECYT en el marco del PROMSE 2007
653 0 _aNOVELA DE AVENTURAS
700 1 _aEguía, Martha
_etraductor
700 1 _aPascual, Emilio
_eapéndice
700 1 _aGrandville, J.J.
_eilustrador
942 _cBK
998 _calexandra
999 _c22189
_d22189